Cities in the UK - Sudden Death - Statistics

General Stats
  • This quiz has been taken 266 times
  • The average score is 12 of 16
Answers on the Grid
Answers color-coded by a green-red scale on the quiz's grid according to % correct below.
Adelaide
Belfast
Berlin
Birmingham
Breda
Brest
Bristol
Canberra
Cardiff
Cork
Dresden
Dublin
Edinburgh
Galway
Glasgow
Gothenburg
Leeds
Leicester
Limerick
Liverpool
London
Manchester
Moscow
New York
Newcastle
Nottingham
Paris
Sheffield
Southampton
Sydney
Vilnius
York
 
Answer Stats
Answer % Correct
Birmingham
90%
Bristol
89%
Belfast
85%
Cardiff
85%
Edinburgh
76%
Leeds
73%
London
71%
Newcastle
70%
Southampton
70%
Liverpool
69%
Manchester
69%
Nottingham
69%
Glasgow
67%
Leicester
67%
Sheffield
67%
York
65%
No matching quizzes found
Score Distribution
Percent of People with Each Score
Percentile by Number Answered
Your Score History
You have not taken this quiz